MCU Groups of Things - Statistics

General Stats
  • This quiz has been taken 79 times
  • The average score is 27 of 37
Answer Stats
Answer % Correct
Original Avengers Captain America
100%
Original Avengers Hulk
100%
Original Avengers Iron Man
100%
Original Avengers Black Widow
99%
Guardians of the Galaxy Rocket
99%
Spiderman Actors Tobey Maguire
99%
Spiderman Actors Tom Holland
99%
Spiderman Actors Andrew Garfield
97%
The Barton Family Clint Barton
97%
Original Avengers Hawkeye
97%
Original Avengers Thor
97%
Guardians of the Galaxy Gamora
96%
Guardians of the Galaxy Groot
96%
Guardians of the Galaxy Star Lord
96%
Guardians of the Galaxy Drax
92%
Captain America Films The Winter Soldier
92%
Captain America Films Civil War
90%
Infinity Stones Time
89%
Captain America Films The First Avenger
88%
Infinity Stones Power
81%
Infinity Stones Mind
78%
Infinity Stones Reality
76%
Infinity Stones Soul
75%
Infinity Stones Space
75%
Guardians of the Galaxy Mantis
74%
Guardians of the Galaxy Nebula
72%
Captain America Films Brave New World
68%
Agatha's Coven Agatha Harkness
56%
The Barton Family Laura Barton
46%
The Barton Family Nathaniel Barton
33%
Agatha's Coven Teen
25%
The Barton Family Lila Barton
24%
The Barton Family Cooper Barton
17%
Agatha's Coven Sharon Davis
17%
Agatha's Coven Lilia Calderu
15%
Agatha's Coven Jennifer Kale
14%
Agatha's Coven Alice Wu-Gulliver
11%
No matching quizzes found
Score Distribution
Percent of People with Each Score
Percentile by Number Answered
Your Score History
You have not taken this quiz